01482nam a2200385 a 4500008004100000020001800041041000800059092002000067100002700087245009200114250004300206260003300249300001100282500012600293590003700419653003400456653005300490653001800543653004500561653002100606653001700627653001500644653002000659653001200679653005700691653003900748653003900787653001900826653002200845653001600867653002200883942001200905999001500917952016400932180207t2014 ag a|||f |||| 001 0 spa d a9789871971268 aspa c618.92l52sMYE1 aMyers, Angela L.93513 aConsultas sobre infecciones en pediatría.b49 Preguntas clínicas /cAngela L. Myers a1a ed.bTraducción Dr. Gerardo Laube aBuenos Aires:bAnejo;c2014. a246 p. aMyers, A. L. (2014). Consultas sobre infecciones en pediatría. 49 Preguntas clínicas. (1a ed.). Buenos Aires : Anejo. aDonacion Manuel Asckar. Dic/2017 aInfeccion del tracto urinario aStaphylococcus aureus resistente a la meticilina aTinea capitis aEnfermedades transmitidas por garrapatas aNeumonia atipica aOtitis media aFaringitis aPruebas virales aDiarrea aInfeccion del tracto respiratorio superior/sinusitis aNeumonia adquirida en la comunidad aVirus Epstein-Barr/Citomegalovirus aLinfadenopatia aFiebre prolongada aCandidiasis aFiebre recurrente 2ddccBK c2645d2645 00102ddc4070aBFMbBFMcCRd2018-02-07eDonacionl1m1o618.92 52 MYEp4171r2018-08-31s2018-08-27tEj. 1w2018-02-07yBKzDonacion Manuel Asckar. Dic/2017